=LDR 00000nam 2200000 4500 =001 INLIS000000000048319 =005 20161020161245.0 =006 =007 =008 =020 ##$$a 978-979-79-4255-2 =035 ##$$0010-101600000000077 =082 ##$$2 22 $a 899.221 3 =090 ##$$a 899.221 3 $b Ari a =100 ##$$a Ari Keling =245 ##$$a Asa-asa kering : cinta tidak datang dengan sendirinya $c Ari Keling =260 ##$$a Yogyakarta $b Andi $c 2014 =300 ##$$a x, 155 hlm. $c 19 cm =500 ##$$a Biografi : hlm. 157-158 =650 ##$$a Fiksi Indonesia